<?xml version="1.0" encoding="UTF-8"?>
<record
    xmlns:xsi="http://www.w3.org/2001/XMLSchema-instance"
    xsi:schemaLocation="http://www.loc.gov/MARC21/slim http://www.loc.gov/standards/marcxml/schema/MARC21slim.xsd"
    xmlns="http://www.loc.gov/MARC21/slim">

  <leader>00713nam a22001337a 4500</leader>
  <datafield tag="040" ind1=" " ind2=" ">
    <subfield code="c">RUA</subfield>
  </datafield>
  <datafield tag="082" ind1=" " ind2=" ">
    <subfield code="a">VEM THO 2021 B1-530 Or.</subfield>
  </datafield>
  <datafield tag="100" ind1=" " ind2=" ">
    <subfield code="a">THORN SINUON,&#x1790;&#x1793; &#x179F;&#x17CA;&#x17B8;&#x1793;&#x17BD;&#x1793;</subfield>
  </datafield>
  <datafield tag="245" ind1=" " ind2=" ">
    <subfield code="a">GASTRO-INTESTINAL PARASITES OF DOMESTIC CHICKEN IN PREAHBAT CHONCHUM COMMUNE, KIRIVONG DISTRICT,TAKEO PROVINCE,&#x1794;&#x179A;&#x17B6;&#x179F;&#x17B7;&#x178F;&#x1780;&#x17D2;&#x1793;&#x17BB;&#x1784;&#x1794;&#x17D2;&#x179A;&#x178A;&#x17B6;&#x1794;&#x17CB;&#x179A;&#x17C6;&#x179B;&#x17B6;&#x1799;&#x17A2;&#x17B6;&#x17A0;&#x17B6;&#x179A;&#x1798;&#x17B6;&#x1793;&#x17CB;&#x1793;&#x17C5;&#x1783;&#x17BB;&#x17C6;&#x1796;&#x17D2;&#x179A;&#x17C7;&#x1794;&#x17B6;&#x1791;&#x1787;&#x17B6;&#x1793;&#x17CB;&#x1787;&#x17BB;&#x17C6; &#x179F;&#x17D2;&#x179A;&#x17BB;&#x1780;&#x1782;&#x17B8;&#x179A;&#x17B8;&#x179C;&#x1784;&#x17CB; &#x1781;&#x17C1;&#x178F;&#x17D2;&#x178F;&#x178F;&#x17B6;&#x1780;&#x17C2;&#x179C;</subfield>
  </datafield>
  <datafield tag="260" ind1=" " ind2=" ">
    <subfield code="a">phnom penh</subfield>
    <subfield code="b">rua</subfield>
    <subfield code="c">2021</subfield>
  </datafield>
  <datafield tag="300" ind1=" " ind2=" ">
    <subfield code="a">ix.33p.</subfield>
    <subfield code="b">ill.</subfield>
    <subfield code="c">29cm.</subfield>
  </datafield>
  <datafield tag="856" ind1=" " ind2=" ">
    <subfield code="u">https://drive.google.com/file/d/1BSIIoqkX4o1laLp_MNPbueM8XYxi6gDZ/view?usp=sharing</subfield>
  </datafield>
  <datafield tag="942" ind1=" " ind2=" ">
    <subfield code="c">VEM</subfield>
  </datafield>
  <datafield tag="999" ind1=" " ind2=" ">
    <subfield code="c">22904</subfield>
    <subfield code="d">22904</subfield>
  </datafield>
  <datafield tag="952" ind1=" " ind2=" ">
    <subfield code="0">0</subfield>
    <subfield code="1">0</subfield>
    <subfield code="4">0</subfield>
    <subfield code="6">VEM_THO_2021_000000000000000_B1530_OR</subfield>
    <subfield code="7">0</subfield>
    <subfield code="9">98317</subfield>
    <subfield code="a">LBB</subfield>
    <subfield code="b">LBB</subfield>
    <subfield code="c">B1.530</subfield>
    <subfield code="d">2024-04-25</subfield>
    <subfield code="o">VEM THO 2021 B1-530 Or.</subfield>
    <subfield code="p">a077569</subfield>
    <subfield code="r">2024-04-25</subfield>
    <subfield code="y">VEM</subfield>
  </datafield>
  <datafield tag="952" ind1=" " ind2=" ">
    <subfield code="0">0</subfield>
    <subfield code="1">0</subfield>
    <subfield code="4">0</subfield>
    <subfield code="6">VEM_THO_2021_000000000000000_B1530_OR</subfield>
    <subfield code="7">0</subfield>
    <subfield code="9">98318</subfield>
    <subfield code="a">LBB</subfield>
    <subfield code="b">LBB</subfield>
    <subfield code="c">B1.530</subfield>
    <subfield code="d">2024-04-25</subfield>
    <subfield code="l">1</subfield>
    <subfield code="o">VEM THO 2021 B1-530 Or.</subfield>
    <subfield code="p">a077633</subfield>
    <subfield code="r">2025-02-03</subfield>
    <subfield code="s">2024-12-03</subfield>
    <subfield code="y">VEM</subfield>
  </datafield>
  <datafield tag="952" ind1=" " ind2=" ">
    <subfield code="0">0</subfield>
    <subfield code="1">0</subfield>
    <subfield code="4">0</subfield>
    <subfield code="6">VEM_THO_2021_000000000000000_B1530_OR</subfield>
    <subfield code="7">0</subfield>
    <subfield code="9">98319</subfield>
    <subfield code="a">LBB</subfield>
    <subfield code="b">LBB</subfield>
    <subfield code="c">B1.530</subfield>
    <subfield code="d">2024-04-25</subfield>
    <subfield code="o">VEM THO 2021 B1-530 Or.</subfield>
    <subfield code="p">a077768</subfield>
    <subfield code="r">2024-04-25</subfield>
    <subfield code="y">VEM</subfield>
  </datafield>
  <datafield tag="952" ind1=" " ind2=" ">
    <subfield code="0">0</subfield>
    <subfield code="1">0</subfield>
    <subfield code="4">0</subfield>
    <subfield code="6">VEM_THO_2021_000000000000000_B1530_OR</subfield>
    <subfield code="7">0</subfield>
    <subfield code="9">98320</subfield>
    <subfield code="a">LBB</subfield>
    <subfield code="b">LBB</subfield>
    <subfield code="c">B1.530</subfield>
    <subfield code="d">2024-04-25</subfield>
    <subfield code="o">VEM THO 2021 B1-530 Or.</subfield>
    <subfield code="p">a077391</subfield>
    <subfield code="r">2024-04-25</subfield>
    <subfield code="y">VEM</subfield>
  </datafield>
</record>
